Geografia con la lettera "U" - Statistics

Statistiche generali
  • Questo quiz è stato fatto 63 volte
  • Il punteggio medio è 12 su 13
Statistiche sulle risposte
Suggeriemento Risposta % Corretto
Paese con capitale Kiev Ucraina
100%
Regione con capoluogo Perugia (Italia) Umbria
100%
Paese con capitale Budapest Ungheria
100%
Capoluogo di provincia insieme a Pesaro; Marche (Italia) Urbino
100%
Provincia della regione Friuli-Venezia Giulia (Italia) Udine
98%
Paese con capitale Kampala Uganda
98%
Paese con capitale Montevideo Uruguay
98%
Paese con capitale Tashkent Uzbekistan
96%
Catena montuosa che è confine tra Europa e Asia Urali
94%
Stato con capitale Salt Lake City (USA) Utah
91%
Famosa città universitaria (Paesi Bassi) Utrecht
85%
Capitale della Mongolia Ulan Bator
72%
Isola nota per l'omonima strage aerea, Sicilia (Italia) Ustica
72%
Nessun quiz corrispondente trovato
Distribuzione punteggi
Percentuale di utenti per punteggio
Percentile per numero di risposta
I tuoi punteggi nel tempo
Non hai fatto questo quiz